[Event "Aragon-chT Honor Titulo"]
[Site "Aragon"]
[Date "2015.03.21"]
[Round "9.12"]
[White "Munoz Munoz, Juan Carlos"]
[Black "Arregui Untoria, Carlos"]
[Result "0-1"]
[WhiteElo "2055"]
[BlackElo "2072"]
[PlyCount "96"]
[EventDate "2015.02.21"]
[EventType "team-tourn"]
[EventRounds "10"]
[EventCountry "ESP"]
[SourceTitle "EXT 2017"]
[Source "ChessBase"]
[SourceDate "2016.10.25"]
[SourceVersion "1"]
[SourceVersionDate "2016.10.25"]
[SourceQuality "1"]
[WhiteTeam "Helios"]
[BlackTeam "St Casablanca II"]
[WhiteTeamCountry "ESP"]
[BlackTeamCountry "ESP"]

1. d4 Nf6 2. Nf3 e6 3. g3 c5 4. Bg2 cxd4 5. Nxd4 Nc6 6. 0-0 Be7 7. c4 a6 8. Nc3 0-0 9. h3 Qc7 10. Nc2 b6 11. Bf4 d6 12. b4 Bb7 13. c5 Rfd8 14. b5 axb5 15. Nxb5 Qb8 16. cxd6 e5 17. Be3 Bxd6 18. Bxb6 Bc7 19. Bxc7 Rxd1 20. Bxb8 Rxf1+ 21. Kxf1 Rxb8 22. a4 Na5 23. Bxb7 Rxb7 24. Rd1 g6 25. Nb4 Kg7 26. Nd3 Rd7 27. Rc1 e4 28. Ne5 Rd5 29. Nc6 Nb3 30. Rc3 Rd1+ 31. Kg2 Nd2 32. a5 Nd5 33. Ra3 e3 34. fxe3 Nc4 35. Rd3 Ncxe3+ 36. Kf3 Rc1 37. Nbd4 f5 38. g4 Rf1+ 39. Kg3 f4+ 40. Kh2 Kh6 41. g5+ Kxg5 42. Nf3+ Kh6 43. a6 Nf6 44. a7 Ra1 45. Rd8 Ne4 46. a8Q Rf1 47. Rd1 Rf2+ 48. Kg1 Rg2+ 0-1

[Event "Aragon-chT Honor GrB"]
[Site "Aragon"]
[Date "2015.02.21"]
[Round "5.24"]
[White "Munoz Munoz, Juan Carlos"]
[Black "Sancho Casale, Jesus"]
[Result "1/2-1/2"]
[WhiteElo "2055"]
[BlackElo "1980"]
[PlyCount "113"]
[EventDate "2015.01.24"]
[EventType "team-tourn"]
[EventRounds "7"]
[EventCountry "ESP"]
[SourceTitle "EXT 2017"]
[Source "ChessBase"]
[SourceDate "2016.10.25"]
[SourceVersion "1"]
[SourceVersionDate "2016.10.25"]
[SourceQuality "1"]
[WhiteTeam "Helios"]
[BlackTeam "Tauste"]
[WhiteTeamCountry "ESP"]
[BlackTeamCountry "ESP"]

1. d4 g6 2. Nf3 Bg7 3. c4 c5 4. g3 cxd4 5. Nxd4 Nc6 6. Nxc6 dxc6 7. Qc2 Nf6 8. Bg2 Qa5+ 9. Bd2 Qh5 10. Nc3 Bh3 11. Bf3 Qc5 12. Na4 Qe5 13. Bf4 Qa5+ 14. Bd2 Qc7 15. 0-0-0 0-0 16. Nc5 Bf5 17. Qb3 b6 18. Na6 Qb7 19. Nb4 Rac8 20. Nd3 Ng4 21. Bxg4 Bxg4 22. f3 Be6 23. Nc5 Bxc4 24. Nxb7 Bxb3 25. axb3 Rb8 26. Nd6 exd6 27. Bf4 Be5 28. Bxe5 dxe5 29. Rd7 Rfd8 30. Rxa7 Rd6 31. Rd1 Rbd8 32. Rxd6 Rxd6 33. Re7 Rd5 34. Kc2 Kg7 35. e4 Kf6 36. Rc7 Rc5+ 37. Kd3 b5 38. b4 Rc1 39. b3 Rd1+ 40. Kc3 Rd6 41. h4 h5 42. f4 Ke6 43. Rc8 exf4 44. gxf4 Kd7 45. Ra8 Rf6 46. Ra7+ Kc8 47. f5 gxf5 48. e5 Re6 49. Kd4 f6 50. exf6 Rxf6 51. Ke5 Rg6 52. Kxf5 Rg4 53. Ke6 Kb8 54. Rh7 Rxh4 55. Kd6 Rxb4 56. Kxc6 Rxb3 57. Rxh5 1/2-1/2

[Event "Aragon-chT Preferente A"]
[Site "Aragon"]
[Date "2013.03.16"]
[Round "8.38"]
[White "Munoz Munoz, Juan Carlos"]
[Black "Alonso Blasco, Jose Miguel"]
[Result "1/2-1/2"]
[WhiteElo "2092"]
[BlackElo "2116"]
[PlyCount "94"]
[EventDate "2013.01.26"]
[EventType "team"]
[EventRounds "9"]
[EventCountry "ESP"]
[SourceTitle "EXT 2014"]
[Source "ChessBase"]
[SourceDate "2013.11.20"]
[SourceVersion "1"]
[SourceVersionDate "2013.11.20"]
[SourceQuality "1"]
[WhiteTeam "Helios II"]
[BlackTeam "Las Fuentes"]
[WhiteTeamCountry "ESP"]
[BlackTeamCountry "ESP"]

1. d4 Nf6 2. Nf3 e6 3. c4 Bb4+ 4. Bd2 Qe7 5. g3 Nc6 6. Bg2 Bxd2+ 7. Nbxd2 d6 8. 0-0 a5 9. Nb1 0-0 10. Nc3 h6 11. e4 e5 12. h3 b6 13. Re1 Re8 14. Nd5 Qd8 15. dxe5 Nxe5 16. b3 Bb7 17. Nd4 Nxd5 18. exd5 Qf6 19. Nb5 Re7 20. f4 Ng6 21. Qd2 Ba6 22. Rxe7 Qxe7 23. Re1 Qd7 24. Nd4 Re8 25. Rxe8+ Qxe8 26. Qe2 Qxe2 27. Nxe2 Bc8 28. Nd4 Bd7 29. Kf2 Ne7 30. g4 g5 31. fxg5 hxg5 32. Be4 Kg7 33. Ke3 Kf6 34. Bh7 Kg7 35. Bd3 Kf6 36. a3 Ke5 37. Nf3+ Kf6 38. b4 axb4 39. axb4 Bc8 40. Nd4 Ba6 41. Nf3 Ng6 42. Bxg6 Kxg6 43. b5 Bc8 44. Nd4 f5 45. Kf3 fxg4+ 46. hxg4 Bd7 47. Nc6 Bxc6 1/2-1/2

[Event "Aragon-chT Preferente A"]
[Site "Aragon"]
[Date "2013.01.26"]
[Round "1.46"]
[White "Munoz Munoz, Juan Carlos"]
[Black "Puertolas Serena, Arturo"]
[Result "1-0"]
[WhiteElo "2092"]
[BlackElo "1920"]
[PlyCount "89"]
[EventDate "2013.01.26"]
[EventType "team"]
[EventRounds "9"]
[EventCountry "ESP"]
[SourceTitle "EXT 2014"]
[Source "ChessBase"]
[SourceDate "2013.11.20"]
[SourceVersion "1"]
[SourceVersionDate "2013.11.20"]
[SourceQuality "1"]
[WhiteTeam "Helios II"]
[BlackTeam "La Aurora Estadilla II"]
[WhiteTeamCountry "ESP"]
[BlackTeamCountry "ESP"]

1. d4 Nf6 2. Nf3 g6 3. g3 d5 4. Bg2 Bg7 5. 0-0 0-0 6. c4 c6 7. Nc3 Re8 8. Bf4 dxc4 9. e4 Bg4 10. Qe2 Nh5 11. Be3 Nd7 12. Qxc4 e5 13. Ng5 Qe7 14. d5 Nb6 15. Qb3 Rac8 16. d6 Qd7 17. f3 Be6 18. Nxe6 fxe6 19. Rad1 Bf8 20. f4 Bh6 21. Ne2 Rf8 22. Bh3 Rce8 23. Bxb6 axb6 24. f5 Ng7 25. fxe6 Nxe6 26. Qxb6 Rxf1+ 27. Rxf1 Qxd6 28. Qxb7 Ng5 29. Qb3+ Kh8 30. Bg2 Qc5+ 31. Kh1 Rf8 32. Rxf8+ Qxf8 33. Qc3 Qd6 34. Qc2 Ne6 35. a4 c5 36. Nc3 Nd4 37. Qf2 Kg7 38. Nd5 Bc1 39. h4 h5 40. a5 Qa6 41. Kh2 Qd6 42. Bf1 Nb3 43. a6 Nd4 44. a7 Qd8 45. Qf6+ 1-0

[Event "Aragon-chT Preferente-A"]
[Site "Spain"]
[Date "2011.03.19"]
[Round "7.3"]
[White "Munoz Munoz, Juan Carlos"]
[Black "Galvez Rubio, David"]
[Result "1/2-1/2"]
[WhiteElo "2103"]
[BlackElo "1908"]
[PlyCount "108"]
[EventDate "2011.02.05"]
[EventType "team-tourn"]
[EventRounds "9"]
[EventCountry "ESP"]
[SourceTitle "EXT 2013"]
[Source "ChessBase"]
[SourceDate "2012.11.22"]
[SourceVersion "1"]
[SourceVersionDate "2012.11.22"]
[SourceQuality "1"]
[WhiteTeam "Helios"]
[BlackTeam "Escaque 65"]
[WhiteTeamCountry "ESP"]
[BlackTeamCountry "ESP"]

1. d4 d5 2. Nf3 Nf6 3. c4 e6 4. Bg5 Nbd7 5. e3 c6 6. Nc3 Qa5 7. Nd2 Bb4 8. Qc2 0-0 9. Be2 c5 10. Nb3 Qa4 11. Bxf6 Nxf6 12. dxc5 dxc4 13. Bxc4 Qc6 14. 0-0 a6 15. Bd3 Bxc5 16. Nxc5 Qxc5 17. Rac1 Bd7 18. Qb3 Bc6 19. e4 Qd6 20. Rfd1 Qf4 21. Ne2 Qh4 22. Ng3 Ng4 23. h3 Nxf2 24. Kxf2 Qf4+ 25. Kg1 Qxg3 26. Rf1 Qe3+ 27. Kh1 Rad8 28. Rcd1 Rd4 29. Rf3 Qg5 30. Rdf1 Qc5 31. Bb1 Qb4 32. Qe3 Qd2 33. Qb3 Qb4 34. Qe3 Bxe4 35. Rf4 f5 36. a3 Qd6 37. Qb3 Bxb1 38. Rxd4 Qxd4 39. Qxe6+ Kh8 40. Rxb1 Qe4 41. Qa2 Rd8 42. Rc1 h6 43. Qf7 Qd5 44. Qg6 Qd2 45. Rc7 Qe1+ 46. Kh2 Qe5+ 47. Qg3 f4 48. Qc3 Qxc3 49. Rxc3 Rd7 50. h4 Re7 51. Kh3 h5 52. Rf3 Re3 53. Rxe3 fxe3 54. Kg3 Kh7 1/2-1/2

[Event "Aragon-chT Preferente-A"]
[Site "Spain"]
[Date "2011.03.12"]
[Round "6.2"]
[White "Juni Pardos, Marcos"]
[Black "Munoz Munoz, Juan Carlos"]
[Result "0-1"]
[WhiteElo "1881"]
[BlackElo "2103"]
[PlyCount "63"]
[EventDate "2011.02.05"]
[EventType "team-tourn"]
[EventRounds "9"]
[EventCountry "ESP"]
[SourceTitle "EXT 2013"]
[Source "ChessBase"]
[SourceDate "2012.11.22"]
[SourceVersion "1"]
[SourceVersionDate "2012.11.22"]
[SourceQuality "1"]
[WhiteTeam "Calatayud"]
[BlackTeam "Helios"]
[WhiteTeamCountry "ESP"]
[BlackTeamCountry "ESP"]

1. e4 c5 2. Nf3 Nc6 3. d4 cxd4 4. Nxd4 g6 5. Nc3 Bg7 6. Be3 Nf6 7. f3 0-0 8. Bc4 Qb6 9. Qd2 Nxe4 10. fxe4 Bxd4 11. Bxd4 Qxd4 12. Bd3 d6 13. 0-0-0 Be6 14. Kb1 Rac8 15. Ne2 Qa4 16. a3 Qa5 17. Qe3 b5 18. Nf4 Bg4 19. Rdf1 b4 20. h3 Bd7 21. axb4 Nxb4 22. h4 Qa2+ 23. Kc1 Qa1+ 24. Kd2 Qxb2 25. Rc1 Bg4 26. Ke1 e5 27. Ne2 Bxe2 28. Kxe2 Nxc2 29. Rxc2 Rxc2+ 30. Bxc2 Qxc2+ 31. Kf3 f5 32. Rc1 0-1

[Event "Aragon-chT Preferente-A"]
[Site "Spain"]
[Date "2011.02.19"]
[Round "3.3"]
[White "Sacristan Latorre, Alberto"]
[Black "Munoz Munoz, Juan Carlos"]
[Result "1-0"]
[WhiteElo "1959"]
[BlackElo "2103"]
[PlyCount "55"]
[EventDate "2011.02.05"]
[EventType "team-tourn"]
[EventRounds "9"]
[EventCountry "ESP"]
[SourceTitle "EXT 2013"]
[Source "ChessBase"]
[SourceDate "2012.11.22"]
[SourceVersion "1"]
[SourceVersionDate "2012.11.22"]
[SourceQuality "1"]
[WhiteTeam "Ramiro III"]
[BlackTeam "Helios"]
[WhiteTeamCountry "ESP"]
[BlackTeamCountry "ESP"]

1. e4 g6 2. d4 Bg7 3. Nc3 c5 4. Nf3 cxd4 5. Nxd4 Nc6 6. Be3 Nf6 7. Bc4 Qa5 8. 0-0 0-0 9. Bb3 d6 10. h3 Bd7 11. Re1 Nxd4 12. Bxd4 Bc6 13. Nd5 Bxd5 14. exd5 Rfe8 15. f4 Bh6 16. Qf3 Nd7 17. f5 Qd2 18. Re4 Ne5 19. Bxe5 dxe5 20. d6 e6 21. Rd1 Qa5 22. d7 Rf8 23. fxe6 Qb6+ 24. Kh1 fxe6 25. Qg4 Bf4 26. g3 Bxg3 27. Qxg3 Qc6 28. Qxe5 1-0

[Event "Aragon-chT Preferente-A"]
[Site "Spain"]
[Date "2011.02.12"]
[Round "2.3"]
[White "Munoz Munoz, Juan Carlos"]
[Black "Casado Gonzalez, Manuel"]
[Result "1-0"]
[WhiteElo "2103"]
[BlackElo "1894"]
[PlyCount "57"]
[EventDate "2011.02.05"]
[EventType "team-tourn"]
[EventRounds "9"]
[EventCountry "ESP"]
[SourceTitle "EXT 2013"]
[Source "ChessBase"]
[SourceDate "2012.11.22"]
[SourceVersion "1"]
[SourceVersionDate "2012.11.22"]
[SourceQuality "1"]
[WhiteTeam "Helios"]
[BlackTeam "Ciudad del Compromiso"]
[WhiteTeamCountry "ESP"]
[BlackTeamCountry "ESP"]

1. d4 d5 2. Nf3 Bf5 3. g3 Nc6 4. Bg2 Nf6 5. 0-0 e6 6. c4 g6 7. Nc3 Ne4 8. cxd5 Nxc3 9. bxc3 exd5 10. Qb3 Na5 11. Qa4+ Nc6 12. Ne5 Bd7 13. Nxd7 Qxd7 14. Qb5 0-0-0 15. Rb1 b6 16. Bg5 Be7 17. Bxe7 Nxe7 18. Qa6+ Kb8 19. c4 Qc8 20. Qa3 Qd7 21. Rfc1 h5 22. cxd5 Nxd5 23. Rc5 Ne7 24. Ra5 Nc8 25. Rd5 Qe7 26. Qf3 c6 27. Rxd8 Rxd8 28. Qxc6 Nd6 29. Qa8+ 1-0

[Event "Aragon-chT Preferente"]
[Site "Spain"]
[Date "2010.02.27"]
[Round "6.19"]
[White "Munoz Munoz, Juan Carlos"]
[Black "Valiente Roy, Jose Javier"]
[Result "0-1"]
[WhiteElo "2129"]
[BlackElo "2060"]
[PlyCount "110"]
[EventDate "2010.01.23"]
[EventType "team-swiss"]
[EventRounds "12"]
[EventCountry "ESP"]
[SourceTitle "EXT 2013"]
[Source "ChessBase"]
[SourceDate "2012.11.22"]
[SourceVersion "1"]
[SourceVersionDate "2012.11.22"]
[SourceQuality "1"]
[WhiteTeam "Helios"]
[BlackTeam "Ramiro"]
[WhiteTeamCountry "ESP"]
[BlackTeamCountry "ESP"]

1. e4 Nf6 2. d3 e5 3. Nf3 Nc6 4. g3 d5 5. Nbd2 Bc5 6. Bg2 dxe4 7. dxe4 0-0 8. 0-0 Qe7 9. c3 Rd8 10. Qc2 a5 11. a4 Ne8 12. Nc4 Nd6 13. Nxd6 Qxd6 14. Bg5 f6 15. Rad1 Qe7 16. Rxd8+ Nxd8 17. Bc1 Be6 18. Nd2 Nf7 19. Rd1 Rd8 20. Nf1 Bg4 21. Rd3 Rxd3 22. Qxd3 Qd6 23. Qxd6 Nxd6 24. Be3 Bxe3 25. Nxe3 Bd7 26. b3 c6 27. f4 Be6 28. c4 b6 29. Kf2 Nb7 30. Nf1 Nc5 31. Nd2 Kf8 32. Ke3 Ke7 33. Bf3 Kd6 34. Bd1 Bd7 35. Nf3 Bg4 36. Bc2 Bxf3 37. Kxf3 Ne6 38. fxe5+ fxe5 39. Ke3 Kc5 40. Bd1 Kb4 41. Kf3 Nd4+ 42. Kg4 Kc3 43. Kg5 Kd2 44. Bh5 Ke3 45. Bf7 Kxe4 46. Bg8 Nf3+ 47. Kh5 Nxh2 48. Bxh7+ Kf3 49. Kh4 e4 50. g4 e3 51. Bd3 Nxg4 52. Kg5 Ne5 53. c5 bxc5 54. Ba6 e2 55. Bxe2+ Kxe2 0-1

[Event "Aragon-chT"]
[Site "Aragon"]
[Date "2008.03.29"]
[Round "7"]
[White "Glaria Murillo, Christian"]
[Black "Munoz Munoz, Juan Carlos"]
[Result "0-1"]
[WhiteElo "2195"]
[BlackElo "2137"]
[PlyCount "62"]
[EventDate "2008.02.02"]
[EventType "team-swiss"]
[EventRounds "12"]
[EventCountry "ESP"]
[SourceTitle "EXT 2011"]
[Source "ChessBase"]
[SourceDate "2010.11.26"]
[SourceVersion "1"]
[SourceVersionDate "2010.11.26"]
[SourceQuality "1"]

1. c4 g6 2. g3 Bg7 3. Bg2 d6 4. Nc3 Nf6 5. d3 0-0 6. Bg5 h6 7. Bd2 e5 8. e4 Nc6 9. Nge2 Nd4 10. Nxd4 exd4 11. Ne2 Nd7 12. b4 a5 13. a3 Ne5 14. Bf4 axb4 15. Bxe5 dxe5 16. axb4 Rxa1 17. Qxa1 f5 18. f3 fxe4 19. fxe4 Bg4 20. Rf1 Rxf1+ 21. Bxf1 Bf8 22. Qb2 Be7 23. Nc1 Qf8 24. Na2 h5 25. b5 Qh6 26. Qd2 Bg5 27. Qf2 Be3 28. Qf6 Bg5 29. Qf2 h4 30. Nb4 Be3 31. Qg2 Bf2+ 0-1

[Event "Aragon-chT"]
[Site "Aragon"]
[Date "2008.03.01"]
[Round "5"]
[White "Munoz Munoz, Juan Carlos"]
[Black "Garcia Fernandez, Javier"]
[Result "1-0"]
[WhiteElo "2137"]
[BlackElo "2110"]
[PlyCount "71"]
[EventDate "2008.02.02"]
[EventType "team-swiss"]
[EventRounds "12"]
[EventCountry "ESP"]
[SourceTitle "EXT 2011"]
[Source "ChessBase"]
[SourceDate "2010.11.26"]
[SourceVersion "1"]
[SourceVersionDate "2010.11.26"]
[SourceQuality "1"]

1. d4 Nf6 2. Nf3 g6 3. g3 Bg7 4. Bg2 0-0 5. c4 c5 6. 0-0 cxd4 7. Nxd4 Nc6 8. Nc3 Nxd4 9. Qxd4 d6 10. Qh4 Qa5 11. Bh6 Qb4 12. Bxg7 Kxg7 13. Qd4 Qxb2 14. Rab1 Qa3 15. Nd5 e5 16. Qd2 Nxd5 17. Bxd5 Rb8 18. Rfd1 b6 19. Bc6 Rd8 20. Rb5 Ba6 21. Rb4 Rbc8 22. Ra4 Qc5 23. Bd5 b5 24. Rxa6 bxc4 25. Qc3 Rc7 26. Ra4 Rdc8 27. Rxc4 Qb6 28. Rxc7 Rxc7 29. Qb3 Qa5 30. Qb8 Qa4 31. Bb3 Qc6 32. Qd8 Rd7 33. Qb8 a5 34. Qe8 Qc7 35. Ba4 Re7 36. Qc6 1-0

[Event "Aragon-chT Autonomico"]
[Site "Aragon"]
[Date "2007.03.24"]
[Round "9"]
[White "Llanes Luno, Ricardo"]
[Black "Munoz Munoz, Juan Carlos"]
[Result "1-0"]
[WhiteElo "2225"]
[BlackElo "2149"]
[PlyCount "191"]
[EventDate "2007.01.27"]
[EventType "team-tourn"]
[EventRounds "9"]
[EventCountry "ESP"]
[SourceTitle "EXT 2008"]
[Source "ChessBase"]
[SourceDate "2007.11.25"]
[SourceVersion "1"]
[SourceVersionDate "2007.11.25"]
[SourceQuality "1"]
[WhiteTeam "Delicias"]
[BlackTeam "Helios"]
[WhiteTeamCountry "ESP"]
[BlackTeamCountry "ESP"]

1. e4 c5 2. Nf3 Nc6 3. d4 cxd4 4. Nxd4 g6 5. Nc3 Bg7 6. Be3 Nf6 7. Bc4 Qa5 8. 0-0 0-0 9. Nb3 Qc7 10. Bg5 Qb8 11. Qd2 a5 12. a4 Nb4 13. Nd4 Ng4 14. Bf4 d6 15. Ndb5 Bd7 16. Rad1 Ne5 17. Bb3 Ra6 18. h3 Qc8 19. Bxe5 Bxe5 20. f4 Bg7 21. e5 Bxb5 22. axb5 Qc5+ 23. Qf2 Qxf2+ 24. Rxf2 Raa8 25. exd6 exd6 26. Rxd6 Rad8 27. Rfd2 Bf6 28. Ne4 Rxd6 29. Rxd6 Bxb2 30. c3 a4 31. Bxa4 Na2 32. c4 Nc3 33. Nxc3 Bxc3 34. c5 Rc8 35. c6 bxc6 36. bxc6 Rc7 37. Kf2 Kf8 38. g4 Ke7 39. Rd3 Bb4 40. Ke3 Bd6 41. g5 Ra7 42. Bb5 Ra5 43. Rb3 f6 44. gxf6+ Kxf6 45. Ke4 Ra1 46. Bc4 Re1+ 47. Kd5 Rd1+ 48. Ke4 Re1+ 49. Kf3 Re7 50. Rd3 Bc7 51. Rd5 h6 52. Rd3 g5 53. fxg5+ hxg5 54. Rd5 Re5 55. Rd7 Re7 56. Rd3 Re5 57. Bd5 Kf5 58. Bg8 Re7 59. Rd5+ Kf6 60. Rb5 Re5 61. Rb7 Re7 62. Bd5 Bf4 63. Rb3 Bc7 64. Be4 Bf4 65. Rb4 Bd6 66. Rd4 Bc7 67. Ra4 Bd6 68. Ke3 Bc7 69. Kd4 Bb6+ 70. Kd5 Bc7 71. Ra8 Re5+ 72. Kd4 Re7 73. Bd5 Bb6+ 74. Kc4 Bc7 75. Rf8+ Ke5 76. Rf3 Kd6 77. Rf6+ Ke5 78. Rg6 Kf4 79. Be6 Be5 80. Bd7 Bc7 81. Kb5 Ke4 82. Ka6 Re5 83. Kb7 Ba5 84. c7 Bxc7 85. Kxc7 Kf4 86. Kd6 Re3 87. Be6 Ra3 88. Ke7 Ra5 89. Kf6 Rc5 90. Rg8 Ra5 91. Rb8 Kg3 92. Rb3+ Kh4 93. Rb8 Kg3 94. Rh8 Rc5 95. Rh5 Kf4 96. h4 1-0

[Event "Aragon-chT Autonomico"]
[Site "Aragon"]
[Date "2007.02.24"]
[Round "5"]
[White "Cortes Lizano, Jesus"]
[Black "Munoz Munoz, Juan Carlos"]
[Result "1/2-1/2"]
[WhiteElo "2154"]
[BlackElo "2149"]
[PlyCount "75"]
[EventDate "2007.01.27"]
[EventType "team-tourn"]
[EventRounds "9"]
[EventCountry "ESP"]
[SourceTitle "EXT 2008"]
[Source "ChessBase"]
[SourceDate "2007.11.25"]
[SourceVersion "1"]
[SourceVersionDate "2007.11.25"]
[SourceQuality "1"]
[WhiteTeam "St Casablanca II"]
[BlackTeam "Helios"]
[WhiteTeamCountry "ESP"]
[BlackTeamCountry "ESP"]

1. c4 e5 2. Nc3 Nf6 3. Nf3 d6 4. g3 g6 5. Bg2 Bg7 6. 0-0 0-0 7. d3 h6 8. Rb1 a5 9. a3 Re8 10. Nd2 c6 11. b4 axb4 12. axb4 d5 13. b5 Bg4 14. bxc6 bxc6 15. cxd5 cxd5 16. Qb3 Nc6 17. h3 Nd4 18. Qd1 Be6 19. e3 Nc6 20. Kh2 Qa5 21. Ne2 Bf5 22. e4 Be6 23. Nb3 Qb6 24. Be3 Qc7 25. Nc5 dxe4 26. Nxe6 Rxe6 27. dxe4 Qa5 28. Qc1 Qa6 29. Nc3 Kh7 30. Rb6 Qc4 31. Nd5 Qxc1 32. Rxc1 Nd4 33. Rb7 Rf8 34. Rcc7 Kg8 35. Ne7+ Kh7 36. Nd5 Kg8 37. Ne7+ Kh7 38. Nd5 1/2-1/2

[Event "Aragon-chT Autonomico"]
[Site "Aragon"]
[Date "2007.02.17"]
[Round "4"]
[White "Munoz Munoz, Juan Carlos"]
[Black "Escuer Sanchez, Nestor"]
[Result "1-0"]
[WhiteElo "2149"]
[BlackElo "2061"]
[PlyCount "105"]
[EventDate "2007.01.27"]
[EventType "team-tourn"]
[EventRounds "9"]
[EventCountry "ESP"]
[SourceTitle "EXT 2008"]
[Source "ChessBase"]
[SourceDate "2007.11.25"]
[SourceVersion "1"]
[SourceVersionDate "2007.11.25"]
[SourceQuality "1"]
[WhiteTeam "Helios"]
[BlackTeam "Barbastro"]
[WhiteTeamCountry "ESP"]
[BlackTeamCountry "ESP"]

1. e4 e6 2. d3 d5 3. Nd2 c5 4. Ngf3 Nc6 5. g3 g6 6. Bg2 Bg7 7. 0-0 Nge7 8. Re1 0-0 9. Qe2 b6 10. Nf1 Ba6 11. e5 b5 12. Bf4 Qb6 13. Qd2 Nf5 14. g4 Nfd4 15. Nh4 b4 16. Bh6 Bxh6 17. Qxh6 Nxc2 18. Nf3 f6 19. exf6 Rxf6 20. Ng5 Nxe1 21. Qxh7+ Kf8 22. Qh8+ Ke7 23. Qg7+ Kd6 24. Qxf6 Nxg2 25. Qxe6+ Kc7 26. Kxg2 Nd4 27. Qf7+ Kc6 28. Ne3 Rd8 29. Ne6 Nxe6 30. Qxe6+ Rd6 31. Qe8+ Kc7 32. d4 c4 33. Nc2 Bb5 34. Qf7+ Bd7 35. Re1 b3 36. axb3 Qxb3 37. Ne3 Qxb2 38. Qf4 Bc6 39. Kg3 a5 40. Nd1 Qb4 41. Re7+ Kb6 42. Qf8 Kb5 43. Re2 c3 44. f3 Rd7 45. Qf4 Ka6 46. Qe3 Bb5 47. Rc2 Ba4 48. Rc1 Bxd1 49. Rxd1 Qc4 50. Qe6+ Kb5 51. Qxd7+ Kb4 52. Qb7+ Qb5 53. Rb1+ 1-0

[Event "Aragon-chT Autonomico"]
[Site "Aragon"]
[Date "2007.01.27"]
[Round "1"]
[White "Munoz Munoz, Juan Carlos"]
[Black "Abos Rosico, Antonio"]
[Result "0-1"]
[WhiteElo "2145"]
[BlackElo "1957"]
[PlyCount "120"]
[EventDate "2007.01.27"]
[EventType "team-tourn"]
[EventRounds "9"]
[EventCountry "ESP"]
[SourceTitle "EXT 2008"]
[Source "ChessBase"]
[SourceDate "2007.11.25"]
[SourceVersion "1"]
[SourceVersionDate "2007.11.25"]
[SourceQuality "1"]
[WhiteTeam "Helios"]
[BlackTeam "Casino Jaque"]
[WhiteTeamCountry "ESP"]
[BlackTeamCountry "ESP"]

1. e4 d6 2. g3 Nf6 3. Bg2 Nc6 4. d3 g6 5. f4 Bg7 6. Nf3 0-0 7. 0-0 e5 8. Nc3 Bg4 9. h3 Bxf3 10. Qxf3 Nd4 11. Qf2 Nd7 12. f5 b5 13. Be3 Rb8 14. Nd5 Nf6 15. Nxf6+ Bxf6 16. c3 Nc6 17. Bh6 Bg7 18. Bxg7 Kxg7 19. f6+ Kh8 20. g4 g5 21. Qe3 Rg8 22. Rf5 Rg6 23. Raf1 h6 24. h4 gxh4 25. Qh3 Qf8 26. Qxh4 Nd8 27. Kf2 Ne6 28. Ke3 b4 29. Rh1 Nf4 30. Bf3 bxc3 31. bxc3 Rb2 32. Rh2 Qb8 33. d4 Rxh2 34. Qxh2 Qb5 35. dxe5 dxe5 36. Kf2 Qc5+ 37. Kg3 Qxc3 38. Qf2 c5 39. a4 Nd3 40. Qe3 a5 41. Rh5 Kh7 42. Rf5 Rg5 43. Rxg5 hxg5 44. Qxg5 Qe1+ 45. Kh2 Qf2+ 46. Bg2 Qf4+ 47. Qxf4 Nxf4 48. Bf1 Kg6 49. Kg3 Kxf6 50. Kh4 Ne6 51. Bc4 Nc7 52. Kh5 Ne8 53. Kh6 Nd6 54. g5+ Ke7 55. Bd5 c4 56. Kg7 c3 57. Bxf7 Nxf7 58. g6 Ng5 59. Kh8 Ne6 60. Kh7 c2 0-1

[Event "ESP Autonomico-chT"]
[Site "Spain"]
[Date "2006.03.25"]
[Round "8.26"]
[White "Hinojar Basa, Alfonso"]
[Black "Munoz Munoz, Juan Carlos"]
[Result "1/2-1/2"]
[WhiteElo "2175"]
[BlackElo "2134"]
[PlyCount "73"]
[EventDate "2006.02.04"]
[EventType "team-tourn"]
[EventRounds "9"]
[EventCountry "ESP"]
[SourceTitle "EXT 2007"]
[Source "ChessBase"]
[SourceDate "2006.11.23"]
[SourceVersion "1"]
[SourceVersionDate "2006.11.23"]
[SourceQuality "1"]

1. e4 g6 2. d4 Bg7 3. Nc3 c5 4. dxc5 Qa5 5. Nf3 Nf6 6. Bd3 Qxc5 7. Be3 Qa5 8. 0-0 Nc6 9. Nd2 0-0 10. f4 d6 11. h3 Bd7 12. a3 Rfc8 13. Qe1 Rab8 14. Qf2 Ra8 15. Nc4 Qd8 16. e5 d5 17. Nd2 d4 18. Bxd4 Nxd4 19. Qxd4 Ne8 20. Be4 Nd6 21. Rad1 Nxe4 22. Ndxe4 Bc6 23. Qxd8+ Rxd8 24. Kf2 f6 25. exf6 exf6 26. g4 Kf8 27. Nc5 Kf7 28. f5 gxf5 29. gxf5 Bh6 30. N3e4 Bf4 31. Ne6 Rxd1 32. Rxd1 Bxe4 33. Nxf4 Bxf5 34. Rd5 Be6 35. Rd6 Bf5 36. Rd5 Be6 37. Rd6 1/2-1/2

[Event "ESP Autonomico-chT"]
[Site "Spain"]
[Date "2006.03.04"]
[Round "5.30"]
[White "Munoz Munoz, Juan Carlos"]
[Black "Lana Rodriguez, David"]
[Result "1/2-1/2"]
[WhiteElo "2134"]
[BlackElo "2072"]
[PlyCount "130"]
[EventDate "2006.02.04"]
[EventType "team-tourn"]
[EventRounds "9"]
[EventCountry "ESP"]
[SourceTitle "EXT 2007"]
[Source "ChessBase"]
[SourceDate "2006.11.23"]
[SourceVersion "1"]
[SourceVersionDate "2006.11.23"]
[SourceQuality "1"]

1. e4 c5 2. Nf3 Nc6 3. d4 cxd4 4. Nxd4 e5 5. Nb5 a6 6. Nd6+ Bxd6 7. Qxd6 Qf6 8. Qd1 Qg6 9. Nc3 Nf6 10. Qd6 Qg4 11. Be3 Nxe4 12. Nxe4 Qxe4 13. 0-0-0 Qg6 14. Qa3 Qe6 15. Rd6 Qg4 16. Bc5 Nd8 17. Rd5 Qf4+ 18. Be3 Qe4 19. Qd3 Qxd3 20. Rxe5+ Ne6 21. Bxd3 f6 22. Ra5 0-0 23. Bc4 Kh8 24. Rd1 Nd8 25. Bb6 Nc6 26. Ra3 Ne5 27. Be2 d5 28. Rxd5 Be6 29. Rd4 Rac8 30. f4 Nc6 31. Rd2 Nb4 32. Ra4 Nd5 33. Bf2 Nc7 34. Kb1 Bd5 35. g3 Bc6 36. Ra3 Nb5 37. Re3 Rfe8 38. Rxe8+ Rxe8 39. c4 Nc7 40. Bg4 Kg8 41. Kc1 Kf7 42. Bd7 Bxd7 43. Rxd7+ Re7 44. Rxe7+ Kxe7 45. Kc2 Ke6 46. Kd3 Kd6 47. Ke4 Ne6 48. b4 g6 49. g4 Ng7 50. Bd4 f5+ 51. Kd3 Ne6 52. gxf5 gxf5 53. Ke3 b6 54. Be5+ Kc6 55. Kf3 Nf8 56. h4 h5 57. Ke3 b5 58. cxb5+ axb5 59. Bb2 Ne6 60. Be5 Kd5 61. Kd3 Nf8 62. Bf6 Nd7 63. Bd4 Nf8 64. Bf6 Ne6 65. Be5 Nf8 1/2-1/2

[Event "ESP Autonomico-chT"]
[Site "Spain"]
[Date "2006.02.04"]
[Round "1.43"]
[White "Sebastian, Miguel Angel"]
[Black "Munoz Munoz, Juan Carlos"]
[Result "0-1"]
[WhiteElo "2039"]
[BlackElo "2134"]
[PlyCount "44"]
[EventDate "2006.02.04"]
[EventType "team-tourn"]
[EventRounds "9"]
[EventCountry "ESP"]
[SourceTitle "EXT 2007"]
[Source "ChessBase"]
[SourceDate "2006.11.23"]
[SourceVersion "1"]
[SourceVersionDate "2006.11.23"]
[SourceQuality "1"]

1. e4 c5 2. Nf3 Nc6 3. d4 cxd4 4. Nxd4 g6 5. Be3 Bg7 6. c3 Nf6 7. f3 0-0 8. g4 d5 9. Nxc6 bxc6 10. g5 Nh5 11. exd5 cxd5 12. f4 e5 13. fxe5 Bxe5 14. Bg2 Nf4 15. 0-0 Nxg2 16. Kxg2 Bb7 17. Kg1 d4 18. cxd4 Qd5 19. Qd2 f6 20. Nc3 Qh1+ 21. Kf2 fxg5+ 22. Ke2 Ba6+ 0-1